000 00313nam a22001337a 4500
008 180920b xxu||||| |||| 00| 0 eng d
020 _a9780781750332
041 _aeng
080 _a610
100 _a3
101 _aSHM
245 _aConcise Textbook Of Clinical Phychiatry
_cSadock B.J
942 _2udc
_cBK
999 _c48122
_d48122